Biblioteca

Pimpones de Color : Cocina de niños para niños / Blanca Nury Escobar, Ivette Hernández (Registro nro. 48095)

Detalles MARC
000 -LÍDER
Campo fijo de descripción fija 003330000a22001210004500
020 ## - NÚMERO INTERNACIONAL NORMALIZADO PARA LIBROS
Número Internacional Normalizado del libro 958-677-164-4
001 - NÚMERO DE CONTROL
Campo de control 906
100 1# - ASIENTO PRINCIPAL--NOMBRE PERSONAL
Nombre personal Escobar, Blanca Nury
245 10 - TÍTULO
Título del Material Pimpones de Color : Cocina de niños para niños / Blanca Nury Escobar, Ivette Hernández
260 ## - PUBLICACIÓN, DISTRIBUCIÓN, ETC. (PIE DE IMPRENTA)
Lugar de publicación, distribución, etc. Bogotá : Zamora
300 ## - DESCRIPCIÓN FÍSICA
Extensión 79 P.

No hay ítems disponibles.

Biblioteca FUSBC | Teléfono: (57+4) 349 88 10 Ext. 141| WhatsApp (+57) 3005338115 
E-mail: biblioteca@unisbc.edu.co | Calle 76 87-14 Robledo Palenque, Medellín, Colombia

Con tecnología Koha